000 00678nam a2200241Ia 4500
003 OSt
005 20220918180724.0
006 a|||||r|||| 00| 0
007 ta
008 220917b |||||||| |||| 00| 0 eng d
024 _a23,737
037 _cTextual
040 _aARTS
_cARTS
_beng
041 _2eng
_aeng
082 _aO111,1K08:g, M3
100 _aMcguire Maryann Cale
_956903
245 0 _aMilton's puritan Masque Alters
260 _aAlters
_bUniv of Georgia Press
_c1983
300 _a207p.
_ccm.
650 _aMILTON, JOHN; ENGLISH LITERATURE
_94883
942 _hO111,1K08:g, M3
_cTEXL
_2CC
999 _c162781
_d162781